| 000 | 00893cam a2200265 i 4500 | ||
|---|---|---|---|
| 005 | 20260215101332.0 | ||
| 008 | 250721s1993 le gr 000 j ara d | ||
| 020 | _a1855131641 | ||
| 041 | 1 |
_aara _heng |
|
| 082 | 1 | 4 |
_aق/شان _bش ا ن |
| 100 | 1 |
_aشاندلر، ريمون _eمؤلف. |
|
| 245 | 1 | 0 |
_aسيدة البحيرة / _cريمون شاندلر، فيليب مالو ؛ ترجمة سمية فلو عبود. |
| 246 | 1 | 1 | _athe lady in the lake |
| 250 | _aالطبعة الأولى. | ||
| 264 | 3 | 1 |
_aبيروت : _bصوت الناس، _c1993. |
| 300 | _a430 صفحة. | ||
| 490 | 0 | _aالبوليسية. | |
| 650 | 1 | 7 | _aأدب المترجم. |
| 650 | 1 | 7 | _aالقصص. |
| 700 | 1 |
_aمارلو، فيليب _eمؤلف. |
|
| 700 | 1 |
_aعبود، سمية فلو _eمترجم. |
|
| 830 | 0 | _aالبوليسية. | |
| 942 |
_2ddc _cBK |
||
| 999 |
_c100205 _d100205 |
||